| 000 -LEADER |
| fixed length control field |
01419cam a22003854a 4500 |
| 001 - CONTROL NUMBER |
| control field |
7938152 |
| 003 - CONTROL NUMBER IDENTIFIER |
| control field |
NUST - PNEC |
| 005 - DATE AND TIME OF LATEST TRANSACTION |
| control field |
20170116181053.0 |
| 006 - FIXED-LENGTH DATA ELEMENTS--ADDITIONAL MATERIAL CHARACTERISTICS |
| fixed length control field |
m d |
| 007 - PHYSICAL DESCRIPTION FIXED FIELD--GENERAL INFORMATION |
| fixed length control field |
cr n |
| 008 - FIXED-LENGTH DATA ELEMENTS--GENERAL INFORMATION |
| fixed length control field |
020828s2003 flua sb 001 0 eng d |
| 020 ## - INTERNATIONAL STANDARD BOOK NUMBER |
| International Standard Book Number |
084931559X (alk. paper) |
| 035 ## - SYSTEM CONTROL NUMBER |
| System control number |
(WaSeSS)ssj0000202332 |
| 040 ## - CATALOGING SOURCE |
| Original cataloging agency |
DLC |
| Transcribing agency |
LIBRARY |
| Modifying agency |
DLC |
| -- |
WaSeSS |
| 042 ## - AUTHENTICATION CODE |
| Authentication code |
pcc |
| 050 #4 - LIBRARY OF CONGRESS CALL NUMBER |
| Classification number |
TP159.A85 |
| Item number |
L44 2003 |
| 050 #4 - LIBRARY OF CONGRESS CALL NUMBER |
| Classification number |
TP159.A85L44 2002 |
| 082 00 - DEWEY DECIMAL CLASSIFICATION NUMBER |
| Classification number |
660.29 LEE |
| Edition number |
21 |
| 100 1# - MAIN ENTRY--PERSONAL NAME |
| Personal name |
Lee, Eric R. |
| 210 10 - ABBREVIATED TITLE |
| Abbreviated title |
Microdrop generation |
| 245 10 - TITLE STATEMENT |
| Title |
Microdrop generation |
| Medium |
[electronic resource] / |
| Statement of responsibility, etc. |
Eric R. Lee. |
| 260 ## - PUBLICATION, DISTRIBUTION, ETC. |
| Place of publication, distribution, etc. |
Boca Raton : |
| Name of publisher, distributor, etc. |
CRC Press, |
| Date of publication, distribution, etc. |
c2003. |
| 440 #0 - SERIES STATEMENT/ADDED ENTRY--TITLE |
| Title |
Nano- and microscience, engineering, technology, and medicine series |
| 504 ## - BIBLIOGRAPHY, ETC. NOTE |
| Bibliography, etc. note |
Includes bibliographical references and index. |
| 506 ## - RESTRICTIONS ON ACCESS NOTE |
| Terms governing access |
License restrictions may limit access. |
| 650 ## - SUBJECT ADDED ENTRY--TOPICAL TERM |
| Topical term or geographic name entry element |
Mechanical engineering |
| 9 (RLIN) |
11967 |
| General subdivision |
ME |
| 773 #0 - HOST ITEM ENTRY |
| Title |
NANOnetBASE |
| 773 #0 - HOST ITEM ENTRY |
| Title |
CHEMLIBnetBASE |
| 773 #0 - HOST ITEM ENTRY |
| Title |
ENGnetBASE |
| 856 40 - ELECTRONIC LOCATION AND ACCESS |
| Uniform Resource Identifier |
<a href="http://www.columbia.edu/cgi-bin/cul/resolve?clio7938152.001">http://www.columbia.edu/cgi-bin/cul/resolve?clio7938152.001</a> |
| Public note |
Full text available from CHEMLIBnetBASE |
| 856 40 - ELECTRONIC LOCATION AND ACCESS |
| Uniform Resource Identifier |
<a href="http://www.columbia.edu/cgi-bin/cul/resolve?clio7938152.002">http://www.columbia.edu/cgi-bin/cul/resolve?clio7938152.002</a> |
| Public note |
Full text available from ENGnetBASE |
| 856 40 - ELECTRONIC LOCATION AND ACCESS |
| Uniform Resource Identifier |
<a href="http://www.columbia.edu/cgi-bin/cul/resolve?clio7938152.003">http://www.columbia.edu/cgi-bin/cul/resolve?clio7938152.003</a> |
| Public note |
Full text available from NANOnetBASE |
| 910 ## - USER-OPTION DATA (OCLC) |
| User-option data |
Library of Congress record |
| 942 ## - ADDED ENTRY ELEMENTS (KOHA) |
| Source of classification or shelving scheme |
|
| Koha item type |
Book |